[Event "Lienz op-A 18th"]
[Site "Lienz"]
[Date "2015.02.12"]
[Round "7"]
[White "Borsos, Bogdan"]
[Black "Van den Berg, Kees"]
[Result "1-0"]
[WhiteElo "2219"]
[BlackElo "1991"]
[PlyCount "43"]
[EventDate "2015.02.07"]
[EventType "swiss"]
[EventRounds "9"]
[EventCountry "AUT"]
[SourceTitle "CBM 164 Extra"]
[Source "ChessBase"]
[SourceDate "2015.03.02"]
[SourceVersion "1"]
[SourceVersionDate "2015.03.02"]
[SourceQuality "1"]

1. d4 Nf6 2. c4 g6 3. g3 Bg7 4. Bg2 c6 5. e4 d5 6. e5 Ng4 7. cxd5 0-0 8. dxc6 Nxc6 9. Ne2 Qb6 10. h3 Nh6 11. Nbc3 Rd8 12. Nd5 Rxd5 13. Bxd5 Qa5+ 14. Nc3 Nb4 15. Bg2 Bf5 16. 0-0 Rd8 17. Be3 Nc2 18. Qd2 Nxa1 19. Rxa1 Bxe5 20. Bxh6 Rxd4 21. Qe1 Qc5 22. Be3 1-0

[Event "Lienz op-A 18th"]
[Site "Lienz"]
[Date "2015.02.08"]
[Round "3"]
[White "Higatsberger, Michael"]
[Black "Van den Berg, Kees"]
[Result "1-0"]
[WhiteElo "2164"]
[BlackElo "1991"]
[PlyCount "65"]
[EventDate "2015.02.07"]
[EventType "swiss"]
[EventRounds "9"]
[EventCountry "AUT"]
[SourceTitle "CBM 164 Extra"]
[Source "ChessBase"]
[SourceDate "2015.03.02"]
[SourceVersion "1"]
[SourceVersionDate "2015.03.02"]
[SourceQuality "1"]

1. e4 d5 2. exd5 Qxd5 3. Nc3 Qd8 4. d4 Nf6 5. Nf3 Bg4 6. h3 Bh5 7. g4 Bg6 8. Ne5 c6 9. h4 Be4 10. Nxe4 Nxe4 11. Qf3 Nd6 12. h5 Nd7 13. Bd3 Nxe5 14. dxe5 Qa5+ 15. Kf1 Qxe5 16. Bf4 Qc5 17. Bxd6 Qxd6 18. Rd1 Rd8 19. Kg2 Qf6 20. Bf5 e6 21. Rxd8+ Qxd8 22. Rd1 Qc7 23. Qe3 Be7 24. Be4 0-0 25. Qxa7 g6 26. Qe3 f5 27. Bd3 Rf6 28. g5 f4 29. Qh3 f3+ 30. Kg1 Rf5 31. Bxf5 exf5 32. hxg6 hxg6 33. Qh6 1-0

[Event "Lienz op 17th"]
[Site "Lienz"]
[Date "2013.02.10"]
[Round "3"]
[White "Van den Berg, Kees"]
[Black "Hollan, Petr"]
[Result "0-1"]
[WhiteElo "1981"]
[BlackElo "1798"]
[PlyCount "128"]
[EventDate "2013.02.09"]
[EventType "swiss"]
[EventRounds "9"]
[EventCountry "AUT"]
[SourceTitle "CBM 152 Extra"]
[Source "ChessBase"]
[SourceDate "2013.02.25"]
[SourceVersion "1"]
[SourceVersionDate "2013.02.25"]
[SourceQuality "1"]

1. e4 e5 2. Nf3 Nc6 3. d4 exd4 4. Nxd4 Bc5 5. Be3 Qf6 6. c3 Nge7 7. Bc4 0-0 8. 0-0 Bb6 9. Qd2 Nxd4 10. cxd4 h6 11. Nc3 d6 12. Rac1 Be6 13. d5 Bd7 14. Kh1 Qg6 15. f4 Qf6 16. Bd3 Rfe8 17. Rce1 Bxe3 18. Rxe3 Qd4 19. Rg3 f5 20. Ne2 Qf6 21. Rc1 fxe4 22. Bxe4 Bf5 23. Bxf5 Qxf5 24. Rxc7 Rac8 25. Rxb7 Rc2 26. Qd4 Qf8 27. Qe4 Rcc8 28. Rc3 Rxc3 29. bxc3 Nf5 30. Qd3 Re3 31. Qc2 Qc8 32. Rb1 Re8 33. Ng3 Ne3 34. Qd3 Ng4 35. Qd4 Qd7 36. h3 Nf6 37. Kh2 Qf7 38. c4 Qe7 39. Rc1 Ng4+ 40. Kg1 Nf6 41. c5 dxc5 42. Qxc5 Qxc5+ 43. Rxc5 Re1+ 44. Kf2 Rd1 45. Rc8+ Kh7 46. Rc7 Rd2+ 47. Kf3 Rd3+ 48. Kf2 Rd2+ 49. Ke1 Rxg2 50. Nf5 Nxd5 51. Rxa7 Nxf4 52. Kf1 Rg5 53. Nd4 Rd5 54. Nf3 Nxh3 55. a4 Nf4 56. a5 Ne6 57. Kf2 Nd8 58. Ra8 Nc6 59. a6 Ra5 60. Ke3 Nb4 61. a7 Nc6 62. Rc8 Nxa7 63. Ra8 Ra3+ 64. Kf4 Nb5 0-1

[Event "Lienz op 17th"]
[Site "Lienz"]
[Date "2013.02.10"]
[Round "2"]
[White "Van den Berg, Kees"]
[Black "Micheli, Carlo"]
[Result "0-1"]
[WhiteElo "1981"]
[BlackElo "2292"]
[PlyCount "58"]
[EventDate "2013.02.09"]
[EventType "swiss"]
[EventRounds "9"]
[EventCountry "AUT"]
[SourceTitle "CBM 152 Extra"]
[Source "ChessBase"]
[SourceDate "2013.02.25"]
[SourceVersion "1"]
[SourceVersionDate "2013.02.25"]
[SourceQuality "1"]

1. e4 d6 2. Nf3 Nf6 3. Nc3 c6 4. d4 Bg4 5. h3 Bh5 6. Be2 e6 7. Be3 d5 8. e5 Nfd7 9. Nd2 Bg6 10. 0-0 c5 11. f4 cxd4 12. Bxd4 Nc6 13. Bf2 Bc5 14. Nb3 Bxf2+ 15. Rxf2 Qb6 16. Nb5 0-0 17. c3 f6 18. exf6 Nxf6 19. N5d4 Ne4 20. Rf1 a5 21. Kh2 Ne7 22. Bg4 Rf6 23. Bxe6+ Rxe6 24. Nxe6 Qxe6 25. Nd4 Qd6 26. Qg4 Ra6 27. Rae1 Rb6 28. b3 h5 29. Qf3 Nd2 0-1